Cross Country skiing: The best Finnish male skiers - Statistics

General Stats
  • This quiz has been taken 35 times
  • The average score is 9 of 15
Answer Stats
Hint Answer % Correct
1. Iivo Niskanen
100%
4. Lauri Vuorinen
85%
5. Joni Mäki
77%
7. Ristomatti Hakola
77%
2. Matti Heikkinen
69%
3. Sami Jauhojärvi
69%
6. Perttu Hyvärinen
62%
8. Ville Nousiainen
62%
12. Arsi Ruuskanen
54%
11. Niko Anttola
54%
10. Martti Jylhä
46%
14. Matias Strandvall
38%
15. Remi Lindholm
31%
9. Teemu Kattilakoski
31%
13. Juha Lallukka
23%
No matching quizzes found
Score Distribution
Percent of People with Each Score
Percentile by Number Answered
Your Score History
You have not taken this quiz